Industry analysis for financial investments

Uložené v:
Podrobná bibliografia
Hlavný autor: Výrost, Tomáš, 1978-
Médium: Kapitola
Jazyk:English
Tagy: Pridať tag
Žiadne tagy, Buďte prvý, kto otaguje tento záznam!

MARC

LEADER 00000naa$a2200000$$$4500
001 0064647
005 20240502083156.2
041 0 |a eng 
044 |a CZ 
245 1 0 |a Industry analysis for financial investments  |c Tomáš Výrost 
100 1 |a Výrost, Tomáš, 1978-